000 00703cam a2200241 4500
001 M91661
008 090401t1997 xxu||||| |||| 00| 0 eng d
035 _a(Sirsi) u99406
041 _aeng
110 _aRoyal Institution of Chartered Surveyors
_94900
245 _aOpencast coal mining : review of MPG3.
260 _aLondon
_bRICS
_c1997
300 _a6p. ; 30cm.
350 _a0
490 _aRICS Policy Unit Submission
_vPU/SUB/077
520 _aAvailable from the Internet at http://www.rics.org.uk/parliament/
650 _aMINERAL PLANNING GUIDANCE NOTE 3
650 _aMPG3
650 _aOPENCAST COAL MINING
690 _aMINING AND MINERALS
942 _n0
948 _c13/05/1998
999 _c99313
_d99313